zpět

Detail výsledku týmu

Music & Sport Bar 20, Chotěboř

Datum a čas kvízu

25.5 Celkem bodů Celkový počet nahraných bodů na tomto kvízu bez doplňovacích otázek.
1. Pořadí na kvízu Konečné umístění týmu na tomto kvízu.

Zaznamenané odpovědi

# Otázka Odpověď Body Výsledky
1. Poslankyně Alena Schillerová z... TikTok 1
2. Ve čtvrtek vystoupil na konfer... C) Jak dostat Putina před soud 1
3. Herečtí parťáci známí napříkla... Eddie Murphy, Martin Lawrence 0
5. Britský podnikatel Bernie Eccl... vozy Formule 1 1
5. Ve čtvrtek byly slavnostně vyh... Zlatý kanár, Barbora Krejčíková 0
6. Téma o nejpoužívanějších aplik... Netflix 0
7. Počet aktivních uživatelů je c... Snapchat 1
8. Ve které aplikaci najdeme tako... Waze 1
9. Ve které z těchto zemí jako v... C 0
10. Tento Evropan má kratičké příj... Spotify 0